[Event "Unterfränkische"]
[Site "?"]
[Date "2014.04.22"]
[Round "2.1"]
[White "Savina, Anastasia"]
[Black "Kunz, Konstantin"]
[Result "1-0"]
[WhiteElo "2394"]
[BlackElo "2198"]
[PlyCount "77"]
[EventDate "2014.??.??"]

1. d4 {[%clk 1:59:56]} 1... Nf6 {[%clk 1:59:50]} 2. c4 {[%clk 1:59:49]} 2... e6
{[%clk 1:59:39]} 3. Nc3 {[%clk 1:59:18]} 3... Bb4 {[%clk 1:59:29]} 4. e3 {
[%clk 1:58:30]} 4... Bxc3+ {[%clk 1:57:04]} 5. bxc3 {[%clk 1:58:23]} 5... d6 {
[%clk 1:56:37]} 6. Bd3 {[%clk 1:55:11]} 6... c5 {[%clk 1:42:35]} 7. Ne2 {
[%clk 1:49:55]} 7... Nc6 {[%clk 1:36:02]} 8. O-O {[%clk 1:43:56]} 8... O-O {
[%clk 1:31:50]} 9. f4 {[%clk 1:41:43]} 9... e5 {[%clk 1:23:14]} 10. fxe5 {
[%clk 1:35:29]} 10... dxe5 {[%clk 1:22:53]} 11. Ba3 {[%clk 1:33:52]} 11... Ng4
{[%clk 0:50:47]} 12. Qd2 {[%clk 1:20:19]} 12... b6 {[%clk 0:47:16]} 13. h3 {
[%clk 1:10:18]} 13... Nf6 {[%clk 0:46:34]} 14. Ng3 {[%clk 1:09:34]} 14... Ba6 {
[%clk 0:29:23]} 15. Qc2 {[%clk 1:01:44]} 15... Re8 {[%clk 0:21:13]} 16. dxc5 {
[%clk 0:42:27]} 16... bxc5 {[%clk 0:21:03]} 17. Ne4 {[%clk 0:41:05]} 17... Qa5
{[%clk 0:20:44]} 18. Nxf6+ {[%clk 0:32:51]} 18... gxf6 {[%clk 0:20:37]} 19.
Rxf6 {[%clk 0:32:23]} 19... Nd8 {[%clk 0:18:40]} 20. Bxh7+ {[%clk 0:20:34]}
20... Kg7 {[%clk 0:17:48]} 21. Rg6+ {[%clk 0:10:02]} 21... Kf8 {[%clk 0:17:45]}
22. Rg8+ {[%clk 0:08:17]} 22... Ke7 {[%clk 0:17:43]} 23. Rxe8+ {[%clk 0:07:30]}
23... Kxe8 {[%clk 0:17:38]} 24. Qe4 {[%clk 0:07:08]} 24... Qxc3 {[%clk 0:15:06]
} 25. Rb1 {[%clk 0:05:43]} 25... Qxa3 {[%clk 0:10:05]} 26. Qxa8 {[%clk 0:03:20]
} 26... Qxe3+ {[%clk 0:09:54]} 27. Kh2 {[%clk 0:03:05]} 27... Bb7 {
[%clk 0:09:05]} 28. Qxa7 {[%clk 0:01:54]} 28... Qf4+ {[%clk 0:07:01]} 29. Kh1 {
[%clk 0:01:47]} 29... Qg3 {[%clk 0:06:14]} 30. Rxb7 {[%clk 0:01:32]} 30... Qh4
{[%clk 0:01:56]} 31. Qa4+ {[%clk 0:00:40]} 31... Kf8 {[%clk 0:01:45]} 32. Rb8 {
[%clk 0:00:31]} 32... Kg7 {[%clk 0:01:30]} 33. Bb1 {[%clk 0:00:29]} 33... Qe1+
{[%clk 0:00:58]} 34. Kh2 {[%clk 0:00:28]} 34... Ne6 {[%clk 0:00:34]} 35. Qc2 {
[%clk 0:00:26]} 35... Nd4 {[%clk 0:00:05]} 36. Qh7+ {[%clk 0:00:25]} 36... Kf6
{[%clk 0:00:03]} 37. Rb6+ Ne6 38. Qf5+ {[%clk 0:00:18]} 38... Kg7 {
[%clk 0:00:01]} 39. Rb7 {[%clk 0:00:12]} 1-0

[Event "Unterfränkische"]
[Site "?"]
[Date "2014.04.22"]
[Round "2.2"]
[White "Amtmann, Florian"]
[Black "Englert, Fabian"]
[Result "0-1"]
[WhiteElo "2158"]
[BlackElo "2310"]
[PlyCount "84"]
[EventDate "2014.??.??"]

1. d4 {[%clk 1:57:56]} 1... d5 {[%clk 1:59:45]} 2. c4 {[%clk 1:56:51]} 2...
dxc4 {[%clk 1:59:27]} 3. Nf3 {[%clk 1:56:21]} 3... c6 {[%clk 1:59:14]} 4. e3 {
[%clk 1:55:41]} 4... b5 {[%clk 1:59:00]} 5. a4 {[%clk 1:53:20]} 5... e6 {
[%clk 1:58:35]} 6. axb5 {[%clk 1:50:48]} 6... cxb5 {[%clk 1:56:37]} 7. b3 {
[%clk 1:50:15]} 7... Bb4+ {[%clk 1:55:31]} 8. Bd2 {[%clk 1:44:06]} 8... Bxd2+ {
[%clk 1:55:21]} 9. Nbxd2 {[%clk 1:42:04]} 9... a5 {[%clk 1:54:20]} 10. bxc4 {
[%clk 1:41:29]} 10... b4 {[%clk 1:54:14]} 11. c5 {[%clk 1:36:27]} 11... Nf6 {
[%clk 1:53:08]} 12. Bb5+ {[%clk 1:33:32]} 12... Bd7 {[%clk 1:52:54]} 13. Bxd7+
{[%clk 1:28:33]} 13... Nbxd7 {[%clk 1:52:33]} 14. O-O {[%clk 1:27:04]} 14...
O-O {[%clk 1:42:38]} 15. e4 {[%clk 1:18:18]} 15... Qc7 {[%clk 1:41:17]} 16. e5
{[%clk 1:13:11]} 16... Nd5 {[%clk 1:41:09]} 17. Ne4 {[%clk 1:11:45]} 17... f5 {
[%clk 1:24:00]} 18. exf6 {[%clk 1:09:11]} 18... N7xf6 {[%clk 1:17:26]} 19. Neg5
{[%clk 0:56:51]} 19... Rfb8 {[%clk 1:11:29]} 20. Qe2 {[%clk 0:46:12]} 20... Qc8
{[%clk 1:10:50]} 21. Nxe6 {[%clk 0:43:42]} 21... b3 {[%clk 1:10:05]} 22. Rfe1 {
[%clk 0:40:40]} 22... a4 {[%clk 1:02:23]} 23. Ra3 {[%clk 0:32:37]} 23... Qa6 {
[%clk 0:49:53]} 24. Qd2 {[%clk 0:20:37]} 24... b2 {[%clk 0:48:35]} 25. Qg5 {
[%clk 0:16:50]} 25... Qxe6 {[%clk 0:48:24]} 26. Rxe6 {[%clk 0:14:15]} 26...
b1=Q+ {[%clk 0:48:17]} 27. Re1 {[%clk 0:12:53]} 27... Qb2 {[%clk 0:40:12]} 28.
Raa1 {[%clk 0:09:20]} 28... Re8 {[%clk 0:37:11]} 29. h4 {[%clk 0:08:24]} 29...
a3 {[%clk 0:36:27]} 30. Reb1 {[%clk 0:06:27]} 30... Qc3 {[%clk 0:33:28]} 31. h5
{[%clk 0:05:49]} 31... h6 {[%clk 0:30:41]} 32. Qg6 {[%clk 0:04:56]} 32... Nf4 {
[%clk 0:25:13]} 33. Qf5 {[%clk 0:04:46]} 33... Ne2+ {[%clk 0:24:58]} 34. Kh1 {
[%clk 0:03:54]} 34... Nxd4 {[%clk 0:24:28]} 35. Nxd4 {[%clk 0:02:48]} 35...
Qxd4 {[%clk 0:24:20]} 36. c6 {[%clk 0:02:08]} 36... Qd5 {[%clk 0:20:47]} 37.
Qxd5+ {[%clk 0:00:45]} 37... Nxd5 {[%clk 0:20:45]} 38. Rb3 {[%clk 0:00:38]}
38... a2 {[%clk 0:18:45]} 39. Rb2 {[%clk 0:00:37]} 39... Nc3 {[%clk 0:18:37]}
40. Rb3 {[%clk 0:00:32]} 40... Reb8 {[%clk 0:17:51]} 41. Rxc3 {[%clk 0:59:41]}
41... Rb1+ {[%clk 1:17:49]} 42. Rc1 {[%clk 0:59:34]} 42... Rxc1+ {
[%clk 1:17:46]} 0-1

[Event "Unterfränkische"]
[Site "?"]
[Date "2014.04.22"]
[Round "2.3"]
[White "Kuhn, Tobias"]
[Black "Hock, Gerold"]
[Result "1-0"]
[WhiteElo "2225"]
[BlackElo "2097"]
[PlyCount "65"]
[EventDate "2014.??.??"]

1. Nf3 {[%clk 1:59:55]} 1... b6 {[%clk 1:59:02]} 2. g3 {[%clk 1:58:48]} 2...
Bb7 {[%clk 1:58:54]} 3. Bg2 {[%clk 1:58:43]} 3... f5 {[%clk 1:57:04]} 4. b3 {
[%clk 1:57:37]} 4... Nf6 {[%clk 1:52:56]} 5. Bb2 {[%clk 1:57:10]} 5... g6 {
[%clk 1:51:52]} 6. d3 {[%clk 1:55:35]} 6... Bg7 {[%clk 1:51:33]} 7. Nbd2 {
[%clk 1:55:16]} 7... Nc6 {[%clk 1:45:08]} 8. Ne5 {[%clk 1:38:56]} 8... Na5 {
[%clk 1:44:34]} 9. Bxb7 {[%clk 1:35:50]} 9... Nxb7 {[%clk 1:44:32]} 10. e4 {
[%clk 1:34:46]} 10... e6 {[%clk 1:41:22]} 11. exf5 {[%clk 1:33:38]} 11... exf5
{[%clk 1:41:19]} 12. Qf3 {[%clk 1:32:35]} 12... Nc5 {[%clk 1:27:37]} 13. O-O-O
{[%clk 1:22:03]} 13... O-O {[%clk 1:27:13]} 14. h4 {[%clk 1:21:26]} 14... d5 {
[%clk 1:17:51]} 15. Rde1 {[%clk 1:18:56]} 15... Qd6 {[%clk 1:15:46]} 16. Qe2 {
[%clk 0:53:04]} 16... a5 {[%clk 0:56:46]} 17. f3 {[%clk 0:47:15]} 17... Nfe4 {
[%clk 0:50:25]} 18. fxe4 {[%clk 0:45:08]} 18... Bxe5 {[%clk 0:44:06]} 19. d4 {
[%clk 0:44:57]} 19... Bxd4 {[%clk 0:35:25]} 20. Bxd4 {[%clk 0:44:31]} 20...
Nxe4 {[%clk 0:35:19]} 21. Nxe4 {[%clk 0:43:23]} 21... fxe4 {[%clk 0:34:18]} 22.
h5 {[%clk 0:40:15]} 22... g5 {[%clk 0:34:16]} 23. h6 {[%clk 0:39:13]} 23... Rf3
{[%clk 0:32:05]} 24. Qd2 {[%clk 0:37:16]} 24... Qg6 {[%clk 0:27:11]} 25. Bb2 {
[%clk 0:36:07]} 25... Rd8 {[%clk 0:26:22]} 26. Qd4 {[%clk 0:35:59]} 26... Rd6 {
[%clk 0:26:09]} 27. Qh8+ {[%clk 0:35:01]} 27... Kf7 {[%clk 0:26:07]} 28. g4 {
[%clk 0:27:17]} 28... c5 {[%clk 0:16:15]} 29. Rhf1 {[%clk 0:25:47]} 29... Rxf1
{[%clk 0:15:31]} 30. Rxf1+ {[%clk 0:25:43]} 30... Ke7 {[%clk 0:15:27]} 31. Qf8+
{[%clk 0:24:59]} 31... Kd7 {[%clk 0:15:21]} 32. Rf7+ {[%clk 0:24:51]} 32... Kc6
{[%clk 0:15:16]} 33. Qe8+ {[%clk 0:24:43]} 1-0

[Event "Unterfränkische"]
[Site "?"]
[Date "2014.04.22"]
[Round "2.4"]
[White "Kuhn, Norbert"]
[Black "Kwossek, Georg"]
[Result "1/2-1/2"]
[WhiteElo "2161"]
[BlackElo "2015"]
[PlyCount "121"]
[EventDate "2014.??.??"]

1. e4 {[%clk 1:50:10]} 1... d6 {[%clk 1:59:53]} 2. d4 {[%clk 1:50:02]} 2... Nf6
{[%clk 1:59:48]} 3. Nc3 {[%clk 1:49:56]} 3... Nbd7 {[%clk 1:59:44]} 4. Nf3 {
[%clk 1:47:34]} 4... e5 {[%clk 1:59:38]} 5. Bc4 {[%clk 1:44:30]} 5... Be7 {
[%clk 1:59:31]} 6. O-O {[%clk 1:35:33]} 6... O-O {[%clk 1:59:26]} 7. Bg5 {
[%clk 1:34:06]} 7... h6 {[%clk 1:50:37]} 8. Bh4 {[%clk 1:31:42]} 8... c6 {
[%clk 1:50:19]} 9. a4 {[%clk 1:30:57]} 9... Nh7 {[%clk 1:42:40]} 10. Bg3 {
[%clk 1:21:44]} 10... Ng5 {[%clk 1:38:59]} 11. Nxg5 {[%clk 1:18:05]} 11... Bxg5
{[%clk 1:33:20]} 12. dxe5 {[%clk 1:17:28]} 12... dxe5 {[%clk 1:31:58]} 13. Qe2
{[%clk 1:13:28]} 13... Qe7 {[%clk 1:28:41]} 14. f3 {[%clk 1:06:15]} 14... Nc5 {
[%clk 1:24:07]} 15. Rfd1 {[%clk 1:04:51]} 15... Ne6 {[%clk 1:22:13]} 16. Bf2 {
[%clk 1:01:51]} 16... Nf4 {[%clk 1:19:45]} 17. Qf1 {[%clk 0:54:18]} 17... Be6 {
[%clk 1:16:49]} 18. Bxe6 {[%clk 0:53:42]} 18... Nxe6 {[%clk 1:13:11]} 19. Qc4 {
[%clk 0:50:48]} 19... Rfd8 {[%clk 1:05:37]} 20. Ne2 {[%clk 0:45:00]} 20...
Rxd1+ {[%clk 0:38:05]} 21. Rxd1 {[%clk 0:44:31]} 21... Rd8 {[%clk 0:37:58]} 22.
Rd3 {[%clk 0:42:49]} 22... a6 {[%clk 0:32:55]} 23. g3 {[%clk 0:31:40]} 23... h5
{[%clk 0:30:53]} 24. b3 {[%clk 0:30:12]} 24... Rd7 {[%clk 0:29:49]} 25. Qc3 {
[%clk 0:28:49]} 25... Bf6 {[%clk 0:26:30]} 26. Nc1 {[%clk 0:25:05]} 26... Nd4 {
[%clk 0:23:11]} 27. Kg2 {[%clk 0:20:14]} 27... g6 {[%clk 0:17:49]} 28. Qd2 {
[%clk 0:16:00]} 28... Rd8 {[%clk 0:16:21]} 29. c3 {[%clk 0:11:12]} 29... Ne6 {
[%clk 0:15:27]} 30. Rxd8+ {[%clk 0:11:02]} 30... Nxd8 {[%clk 0:13:53]} 31. Be3
{[%clk 0:10:04]} 31... h4 {[%clk 0:12:13]} 32. Nd3 {[%clk 0:09:05]} 32... hxg3
{[%clk 0:10:29]} 33. hxg3 {[%clk 0:08:58]} 33... Ne6 {[%clk 0:08:38]} 34. Nf2 {
[%clk 0:08:26]} 34... Bg7 {[%clk 0:07:34]} 35. Ng4 {[%clk 0:05:11]} 35... Qd8 {
[%clk 0:06:01]} 36. Qxd8+ {[%clk 0:03:19]} 36... Nxd8 {[%clk 0:05:59]} 37. Bc5
{[%clk 0:03:11]} 37... Ne6 {[%clk 0:02:02]} 38. Be7 {[%clk 0:03:00]} 38... f5 {
[%clk 0:01:17]} 39. exf5 {[%clk 0:02:36]} 39... gxf5 40. Ne3 e4 {[%clk 0:00:30]
} 41. Nxf5 {[%clk 0:58:52]} 41... exf3+ {[%clk 0:59:52]} 42. Kxf3 {
[%clk 0:58:20]} 42... Bxc3 {[%clk 0:59:33]} 43. Ke4 {[%clk 0:56:51]} 43... Kf7
{[%clk 0:56:41]} 44. Ba3 {[%clk 0:53:37]} 44... b5 {[%clk 0:50:06]} 45. Bd6 {
[%clk 0:46:25]} 45... Bf6 {[%clk 0:45:47]} 46. Nh6+ {[%clk 0:43:18]} 46... Kg6
{[%clk 0:44:59]} 47. Ng4 {[%clk 0:42:12]} 47... Ng5+ {[%clk 0:44:09]} 48. Kd3 {
[%clk 0:41:21]} 48... Nf7 {[%clk 0:41:27]} 49. Bf4 {[%clk 0:36:48]} 49... Bb2 {
[%clk 0:36:01]} 50. Ke4 {[%clk 0:32:36]} 50... Ng5+ {[%clk 0:22:51]} 51. Bxg5 {
[%clk 0:29:39]} 51... Kxg5 {[%clk 0:22:49]} 52. Ne5 {[%clk 0:29:28]} 52... c5 {
[%clk 0:21:53]} 53. Nd3 {[%clk 0:28:43]} 53... bxa4 {[%clk 0:15:20]} 54. bxa4 {
[%clk 0:28:09]} 54... Ba3 {[%clk 0:12:45]} 55. Kd5 {[%clk 0:27:35]} 55... c4 {
[%clk 0:09:08]} 56. Kxc4 {[%clk 0:27:02]} 56... Kg4 {[%clk 0:08:40]} 57. Nb4 {
[%clk 0:26:09]} 57... Kxg3 {[%clk 0:07:40]} 58. Nxa6 {[%clk 0:25:49]} 58... Kf4
{[%clk 0:07:27]} 59. Nb4 {[%clk 0:20:29]} 59... Ke5 {[%clk 0:06:53]} 60. a5 {
[%clk 0:19:25]} 60... Kd6 {[%clk 0:06:47]} 61. a6 {[%clk 0:18:08]} 1/2-1/2

[Event "Unterfränkischen EM 2014"]
[Site "Wörth am Main"]
[Date "2014.04.22"]
[Round "2.5"]
[White "Basel, Matthias"]
[Black "Ersoez, Can"]
[Result "1/2-1/2"]
[WhiteElo "2110"]
[BlackElo "2034"]
[PlyCount "47"]
[EventDate "2014.??.??"]

1. Nf3 Nf6 2. d4 g6 3. c4 Bg7 4. Nc3 d6 5. e4 O-O 6. Be2 e5 7. d5 a5 8. Nd2 Na6
9. h4 Nc5 10. g4 c6 11. h5 cxd5 12. cxd5 a4 13. f3 Bd7 14. Nf1 b5 15. Be3 Qa5
16. Qd2 b4 17. Nb1 Bxg4 18. Bxc5 dxc5 19. hxg6 hxg6 20. Ne3 Bd7 21. Nc4 Qd8 22.
Bd3 Nh5 23. Qf2 Qg5 24. Nbd2 1/2-1/2

[Event "Unterfränkischen EM 2014"]
[Site "Wörth am Main"]
[Date "2014.04.22"]
[Round "2.6"]
[White "Scholz, Stefan"]
[Black "Wurm, Alexander"]
[Result "0-1"]
[WhiteElo "2046"]
[BlackElo "2094"]
[PlyCount "80"]
[EventDate "2014.??.??"]

1. d4 d5 2. c4 e6 3. Nc3 Nf6 4. cxd5 exd5 5. Bg5 Nbd7 6. e3 Be7 7. Bd3 O-O 8.
Qc2 c6 9. Nge2 Re8 10. O-O Nf8 11. f3 g6 12. Rad1 Ne6 13. Bh4 Ng7 14. Qd2 Bf5
15. Bf2 Bxd3 16. Qxd3 Qc7 17. Bg3 Qb6 18. Kh1 Rad8 19. Bf2 Qc7 20. Bg3 Qc8 21.
Nf4 Nf5 22. Bf2 Bd6 23. g4 Ng7 24. Bh4 Be7 25. Bg3 Ne6 26. Qd2 Kg7 27. Nd3 Bd6
28. Be5 Qc7 29. Qf2 Bxe5 30. dxe5 Nd7 31. f4 Nec5 32. g5 Qb6 33. b3 Nxd3 34.
Rxd3 Nc5 35. Rd4 Ne6 36. Rd3 Qb4 37. Rfd1 Nc5 38. Qh4 Nxd3 39. Rxd3 Kg8 40. Nd1
Qe4+ 0-1

[Event "Unterfränkischen EM 2014"]
[Site "Wörth am Main"]
[Date "2014.04.22"]
[Round "2.7"]
[White "Frey, Michael"]
[Black "Vogt, Thomas"]
[Result "1-0"]
[WhiteElo "2083"]
[BlackElo "2023"]
[PlyCount "57"]
[EventDate "2014.??.??"]

1. e4 e5 2. Bc4 Nf6 3. d3 Bc5 4. Nf3 Nc6 5. c3 Bb6 6. Bb3 d6 7. Nbd2 a6 8. h3
Be6 9. O-O O-O 10. Re1 Re8 11. Nf1 h6 12. N3h2 d5 13. Qf3 dxe4 14. dxe4 Bxb3
15. axb3 Qe7 16. Ng3 Qe6 17. Nf5 Ne7 18. g4 Ng6 19. h4 Nf4 20. Bxf4 exf4 21.
Kg2 Nxe4 22. Ra4 Qxb3 23. Raxe4 Rxe4 24. Rxe4 Qxb2 25. Rxf4 Qa2 26. c4 Re8 27.
Qd5 c6 28. Nxh6+ Kh8 29. Nxf7+ 1-0

[Event "Unterfränkischen EM 2014"]
[Site "Wörth am Main"]
[Date "2014.04.22"]
[Round "2.8"]
[White "Flach, Manuel"]
[Black "Pfarr, Michael"]
[Result "0-1"]
[WhiteElo "1908"]
[BlackElo "2074"]
[PlyCount "54"]
[EventDate "2014.??.??"]

1. d4 Nf6 2. Bf4 d5 3. e3 e6 4. Nd2 c5 5. c3 Nc6 6. Ngf3 Be7 7. Ne5 Bd7 8. Qc2
Rc8 9. a4 Nh5 10. Nxc6 Bxc6 11. Be5 f6 12. Be2 fxe5 13. Bxh5+ g6 14. Bg4 cxd4
15. Bxe6 dxe3 16. Nf3 Rc7 17. Nxe5 Qd6 18. Bf7+ Kf8 19. f4 Bf6 20. O-O Rxf7 21.
Nxf7 Kxf7 22. Qe2 Re8 23. f5 Kg7 24. fxg6 hxg6 25. Rad1 Rh8 26. g3 d4 27. Qxe3
Qd5 0-1

[Event "Unterfränkischen EM 2014"]
[Site "Wörth am Main"]
[Date "2014.04.22"]
[Round "2.1"]
[White "Hofstetter, Hans-Joachim"]
[Black "Helgert, Johannes"]
[Result "0-1"]
[WhiteElo "2179"]
[BlackElo "1993"]
[PlyCount "66"]
[EventDate "2014.??.??"]

1. e4 e6 2. d4 d5 3. e5 c5 4. c3 Qb6 5. a3 Nc6 6. Nf3 c4 7. Nbd2 Na5 8. Be2 Bd7
9. O-O Ne7 10. Ne1 O-O-O 11. b4 cxb3 12. Rb1 Ba4 13. Nd3 Nec6 14. Nb4 Kb8 15.
Bd3 f6 16. exf6 gxf6 17. Qf3 Bg7 18. Qg4 Qc7 19. Qxe6 Nxb4 20. cxb4 Qc3 21. Qe3
Nc4 22. Bxc4 Qxe3 23. fxe3 dxc4 24. Ne4 Rhe8 25. Nc3 Bc6 26. b5 Be4 27. Nxe4
Rxe4 28. Bd2 Rc8 29. Rbc1 Bh6 30. Rf3 b2 31. Rb1 c3 32. Bxc3 Rxc3 33. Rxb2
Bxe3+ 0-1

[Event "Unterfränkischen EM 2014"]
[Site "Wörth am Main"]
[Date "2014.04.22"]
[Round "2.2"]
[White "Chen, Jiaoji"]
[Black "Müller, Lutz"]
[Result "1-0"]
[WhiteElo "1607"]
[BlackElo "2102"]
[PlyCount "81"]
[EventDate "2014.??.??"]

1. d4 d5 2. c4 dxc4 3. Nf3 c6 4. e3 b5 5. a4 Bd7 6. Ne5 a6 7. b3 cxb3 8. Qxb3
e6 9. axb5 cxb5 10. Nc3 b4 11. Nd5 a5 12. Bc4 Nf6 13. Nf4 a4 14. Qa2 b3 15.
Bxb3 Bb4+ 16. Kf1 O-O 17. Bc4 Ne4 18. Ba3 Bxa3 19. Qxa3 Nd2+ 20. Kg1 Nxc4 21.
Nxc4 Qc7 22. Ne5 Rc8 23. h3 Be8 24. Kh2 Qd8 25. Ra2 g5 26. Nfd3 f6 27. Nf3 Ra7
28. Nc5 Qd6+ 29. g3 Bg6 30. Kg2 h5 31. e4 g4 32. hxg4 hxg4 33. Nd2 Qxd4 34.
Nxe6 Bxe4+ 35. Kg1 Bxh1 36. Nxd4 Bd5 37. Rc2 Re8 38. f3 Rae7 39. Ne4 Kg7 40.
Nf5+ Kg6 41. Nxe7+ 1-0

[Event "Unterfränkischen EM 2014"]
[Site "Wörth am Main"]
[Date "2014.04.22"]
[Round "2.3"]
[White "Markert, Markus"]
[Black "Schneider, Jana"]
[Result "1/2-1/2"]
[WhiteElo "2019"]
[BlackElo "1766"]
[PlyCount "35"]
[EventDate "2014.??.??"]

1. e4 e5 2. d4 exd4 3. Nf3 Nc6 4. Nxd4 Bb4+ 5. c3 Bc5 6. Be3 Bb6 7. Nd2 Nf6 8.
Be2 O-O 9. Qc2 d5 10. Nxc6 bxc6 11. Bxb6 axb6 12. O-O Bb7 13. Bf3 Re8 14. a3 d4
15. cxd4 Qxd4 16. Rad1 Qe5 17. Nc4 Qe7 18. e5 1/2-1/2

[Event "Unterfränkischen EM 2014"]
[Site "Wörth am Main"]
[Date "2014.04.22"]
[Round "2.4"]
[White "Kirchner, Michael"]
[Black "Schandel, Dietmar"]
[Result "1/2-1/2"]
[WhiteElo "1973"]
[BlackElo "1853"]
[PlyCount "42"]
[EventDate "2014.??.??"]

1. d4 Nf6 2. Nf3 d5 3. e3 Bg4 4. c4 e6 5. Qb3 Qc8 6. Nc3 c6 7. Be2 Bd6 8. h3
Bh5 9. g4 Bg6 10. Nh4 Be4 11. Nxe4 Nxe4 12. Bd3 Nf6 13. Bd2 Nbd7 14. Rc1 dxc4
15. Bxc4 Nb6 16. Bd3 Qd8 17. Ng2 e5 18. dxe5 Bxe5 19. Rd1 Qd5 20. Qxd5 Nfxd5
21. e4 Ne7 $11 1/2-1/2

[Event "Unterfränkischen EM 2014"]
[Site "Wörth am Main"]
[Date "2014.04.22"]
[Round "2.5"]
[White "Böhl, Marius"]
[Black "Nagel, Erwin"]
[Result "1/2-1/2"]
[WhiteElo "1743"]
[BlackElo "1943"]
[PlyCount "39"]
[EventDate "2014.??.??"]

1. d4 Nf6 2. Nf3 d6 3. g3 c6 4. Bg2 Nbd7 5. c4 e5 6. dxe5 dxe5 7. Nc3 Be7 8.
O-O O-O 9. Qc2 Qc7 10. Rd1 Re8 11. h3 Nf8 12. e4 b6 13. Be3 Ba6 14. Qa4 Bb7 15.
Rac1 N8d7 16. Qc2 Rac8 17. Rd2 Qb8 18. Nh4 g6 19. Rcd1 Rcd8 20. a3 1/2-1/2

[Event "Unterfränkischen EM 2014"]
[Site "Wörth am Main"]
[Date "2014.04.22"]
[Round "2.6"]
[White "Reitz, Helmut"]
[Black "Klüber, Werner"]
[Result "1/2-1/2"]
[WhiteElo "1831"]
[BlackElo "1937"]
[PlyCount "44"]
[EventDate "2014.??.??"]

1. d4 d5 2. Nf3 Nf6 3. Bf4 e6 4. e3 Be7 5. Bd3 O-O 6. O-O Nbd7 7. Nbd2 c5 8. c3
c4 9. Bc2 b5 10. e4 dxe4 11. Nxe4 Bb7 12. Nxf6+ Nxf6 13. Re1 a6 14. Be5 h6 15.
Qe2 Bd5 16. Nd2 Re8 17. f3 Bd6 18. Rad1 Qe7 19. Bxd6 Qxd6 20. Ne4 Qd8 21. Nxf6+
Qxf6 22. Be4 Qd8 $11 1/2-1/2

[Event "Unterfränkischen EM 2014"]
[Site "Wörth am Main"]
[Date "2014.04.22"]
[Round "2.7"]
[White "Simon, Jonathan"]
[Black "Schneider, Johannes"]
[Result "1/2-1/2"]
[WhiteElo "1938"]
[BlackElo "1843"]
[PlyCount "30"]
[EventDate "2014.??.??"]

1. d4 d5 2. Nf3 Nf6 3. e3 e6 4. Bd3 c6 5. O-O Nbd7 6. Nbd2 Bd6 7. e4 dxe4 8.
Nxe4 Nxe4 9. Bxe4 O-O 10. Bg5 Qc7 11. c4 c5 12. d5 Nb6 13. Rc1 exd5 14. Bxd5
Nxd5 15. Qxd5 Be6 1/2-1/2

[Event "Unterfränkischen EM 2014"]
[Site "Wörth am Main"]
[Date "2014.04.22"]
[Round "2.8"]
[White "Drewes, Thomas"]
[Black "Blank, Stefan"]
[Result "1-0"]
[WhiteElo "1912"]
[BlackElo "1865"]
[PlyCount "97"]
[EventDate "2014.??.??"]

1. d4 Nf6 2. c4 c5 3. d5 b5 4. cxb5 a6 5. Nc3 g6 6. e4 d6 7. Nf3 Bg7 8. bxa6
O-O 9. Bd3 Nxa6 10. O-O Nb4 11. Be2 Ba6 12. a3 Bxe2 13. Qxe2 Qb6 14. Be3 Na6
15. Rab1 Ng4 16. Bd2 Rfb8 17. h3 Nf6 18. Rfc1 Nc7 19. Be3 Nb5 20. Nxb5 Qxb5 21.
Qxb5 Rxb5 22. Nd2 Nd7 23. Nc4 Ne5 24. Nxe5 Bxe5 25. b4 Rab8 26. Bd2 cxb4 27.
Bxb4 Bd4 28. Rc7 Kf8 29. Rbc1 Ke8 30. Rc8+ Rxc8 31. Rxc8+ Kd7 32. Rc4 Ba7 33.
Kf1 f5 34. a4 Rb8 35. exf5 Rf8 36. Rf4 gxf5 37. g4 e6 38. dxe6+ Kxe6 39. Rxf5
Rxf5 40. gxf5+ Kd7 41. Ke2 Bd4 42. f4 Kc6 43. Kd3 Bf6 44. Bc3 Bh4 45. f6 Kd7
46. f5 Bf2 47. Kc4 Ke8 48. a5 Be3 49. Bd4 1-0

[Event "Unterfränkischen EM 2014"]
[Site "Wörth am Main"]
[Date "2014.04.22"]
[Round "2.9"]
[White "Rößner, Uwe"]
[Black "Thomele, Michael"]
[Result "1/2-1/2"]
[WhiteElo "1863"]
[BlackElo "1908"]
[PlyCount "36"]
[EventDate "2014.??.??"]

1. c4 e5 2. g3 Nc6 3. Nc3 d6 4. Bg2 Be6 5. b3 Nf6 6. Nf3 h6 7. d3 d5 8. cxd5
Nxd5 9. Nxd5 Bxd5 10. O-O Bd6 11. Bb2 O-O 12. Qc2 Qe7 13. d4 exd4 14. Nxd4 Bxg2
15. Kxg2 Nxd4 16. Bxd4 Be5 17. Bxe5 Qxe5 18. Rfd1 Rad8 1/2-1/2

[Event "Unterfränkischen EM 2014"]
[Site "Wörth am Main"]
[Date "2014.04.22"]
[Round "2.10"]
[White "Scholz, Michael"]
[Black "Bastian, Holger"]
[Result "1-0"]
[WhiteElo "1876"]
[BlackElo "1788"]
[PlyCount "87"]
[EventDate "2014.??.??"]

1. b4 Nf6 2. c4 g6 3. Bb2 Bg7 4. Nc3 O-O 5. d4 d6 6. Nf3 Nbd7 7. e3 e5 8. Qc2
exd4 9. Nxd4 Ne5 10. Rd1 a5 11. b5 Re8 12. Be2 Nfd7 13. O-O Nc5 14. Ba3 b6 15.
Nd5 Bb7 16. Nf3 c6 17. bxc6 Bxc6 18. Qb1 Rb8 19. Nd4 Ba4 20. Rd2 Ne4 21. Rb2
Nd7 22. Bf3 Nec5 23. Nc3 Ne5 24. Bd5 Bd7 25. Rd1 Be6 26. Ndb5 Nxc4 27. Bxc4
Bxc4 28. Rxd6 Qh4 29. h3 Be6 30. Nd4 Bxd4 31. Rxd4 Qg5 32. h4 Qe5 33. Rxb6 Bf5
34. Qb5 Rxb6 35. Qxb6 Nd3 36. Bd6 Qe6 37. Nd5 Nc1 38. Nc7 Qxa2 39. Nxe8 Ne2+
40. Kh2 Nxd4 41. Qxd4 f6 42. Nxf6+ Kf7 43. Nxh7 Qe6 44. Ng5+ 1-0

[Event "Unterfränkischen EM 2014"]
[Site "Wörth am Main"]
[Date "2014.04.22"]
[Round "2.6"]
[White "Reitz, Helmut"]
[Black "Klüber, Werner"]
[Result "1/2-1/2"]
[WhiteElo "1831"]
[BlackElo "1937"]
[PlyCount "45"]
[EventDate "2014.??.??"]

1. d4 d5 2. Nf3 Nf6 3. Bf4 e6 4. e3 Be7 5. Bd3 O-O 6. O-O Nbd7 7. Nbd2 c5 8. c3
c4 9. Bc2 b5 10. e4 dxe4 11. Nxe4 Bb7 12. Nxf6+ Nxf6 13. Re1 a6 14. Be5 h6 15.
Qe2 Bd5 16. Nd2 Re8 17. f3 Bd6 18. Rad1 Qe7 19. Bxd6 Qxd6 20. Ne4 Qd8 21. Nxf6+
Qxf6 22. Be4 Qd8 23. Qc2 1/2-1/2

[Event "Unterfränkischen EM 2014"]
[Site "Wörth am Main"]
[Date "2014.04.22"]
[Round "2.1"]
[White "Trapp, Kevin"]
[Black "Heller, Thomas"]
[Result "1/2-1/2"]
[WhiteElo "1637"]
[BlackElo "1809"]
[PlyCount "63"]
[EventDate "2014.??.??"]

1. e4 e6 2. d4 d5 3. exd5 exd5 4. Bf4 Bd6 5. Bxd6 Qxd6 6. c3 Nf6 7. Bd3 O-O 8.
Qc2 Re8+ 9. Ne2 c6 10. Nd2 Bg4 11. f3 Bd7 12. O-O-O c5 13. dxc5 Qxc5 14. Nb3
Qc7 15. g4 h6 16. h4 Qe5 17. Rdg1 Qe3+ 18. Nd2 Bc6 19. g5 Nh5 20. gxh6 Qxh6 21.
Ng3 Nxg3 22. Rxg3 Qe3 23. b3 Qf2 24. Rgg1 Nd7 25. h5 Nf8 26. h6 g6 27. Rf1 Qg3
28. f4 Re3 29. Rhg1 Qh3 30. Rh1 Qg3 31. Rhg1 Qh3 32. Rh1 1/2-1/2

[Event "Unterfränkischen EM 2014"]
[Site "Wörth am Main"]
[Date "2014.04.22"]
[Round "2.2"]
[White "Beyersdorf, Gunter"]
[Black "Träger, Dominik"]
[Result "1-0"]
[WhiteElo "1787"]
[BlackElo "1615"]
[PlyCount "69"]
[EventDate "2014.??.??"]

1. d4 e6 2. Nf3 d5 3. Nbd2 Bd6 4. c4 b6 5. b4 dxc4 6. Qa4+ Bd7 7. b5 a6 8. Nxc4
Bxb5 9. Nxd6+ Qxd6 10. Qc2 Nc6 11. a4 Nxd4 12. Nxd4 Qxd4 13. Bb2 Qc4 14. Qxc4
Bxc4 15. Bxg7 Ne7 16. Bxh8 c5 17. e4 Bxf1 18. Rxf1 Kd7 19. Bf6 Nc6 20. f4 Na5
21. Ke2 c4 22. Rfd1+ Kc6 23. Bc3 Nb3 24. Ra2 Rg8 25. Kf3 Kc5 26. Rd7 b5 27.
Rxf7 b4 28. Bg7 c3 29. Bf8+ Rxf8 30. Rxf8 Nd4+ 31. Ke3 b3 32. Rc8+ Nc6 33.
Rxc6+ Kxc6 34. Ra3 c2 35. Kd2 1-0